Manual de prácticas para la enseñanza de la genética general mediante el empleo de Drosophila melanogaster (Record no. 1485)
[ view plain ]
| 000 -CABECERA | |
|---|---|
| campo de control de longitud fija | 01521nam a22003737a 4500 |
| 003 - IDENTIFICADOR DEL NÚMERO DE CONTROL | |
| campo de control | CHAP |
| 005 - FECHA Y HORA DE LA ÚLTIMA TRANSACCIÓN | |
| campo de control | 20220329133033.0 |
| 008 - DATOS DE LONGITUD FIJA--INFORMACIÓN GENERAL | |
| campo de control de longitud fija | 971013s1990 mx a r 00010 spa d |
| 010 ## - NÚMERO DE CONTROL DE LA BIBLIOTECA DEL CONGRESO | |
| Número de control de LC | 1485 |
| 011 ## - ENLACE DEL NUMERO DE CONTROL DE LA BIBLIOTECA DEL CONGRESO [OBSOLETO] | |
| Número de control de LC | 2457 |
| 035 ## - NÚMERO DE CONTROL DEL SISTEMA | |
| Número de control de sistema | 1651 |
| 040 ## - FUENTE DE LA CATALOGACIÓN | |
| Centro/agencia transcriptor | CHAP |
| 082 ## - NÚMERO DE LA CLASIFICACIÓN DECIMAL DEWEY | |
| Número de clasificación | 575.1 |
| Número de documento/Ítem | E88 |
| 100 00 - ENTRADA PRINCIPAL--NOMBRE DE PERSONA | |
| Nombre de persona | Estrada Gómez, Julio Arturo. |
| 9 (RLIN) | 38391 |
| 245 10 - MENCIÓN DE TÍTULO | |
| Título | Manual de prácticas para la enseñanza de la genética general mediante el empleo de Drosophila melanogaster |
| Mención de responsabilidad, etc. | /por Julio Arturo Estrada Gómez |
| 260 ## - PUBLICACIÓN, DISTRIBUCIÓN, ETC. | |
| Lugar de publicación, distribución, etc. | Cd. Juárez, Chih. : |
| Nombre del editor, distribuidor, etc. | ESAHE, |
| Fecha de publicación, distribución, etc. | 1990 |
| 300 ## - DESCRIPCIÓN FÍSICA | |
| Extensión | 70 h. |
| Otras características físicas | : ilus. |
| 500 ## - NOTA GENERAL | |
| Nota general | Ponencia presentada en: XIII Congreso Nacional de Fitogenética |
| 590 ## - NOTA LOCAL (RLIN) | |
| Nota local | BATCH-UPD |
| Procedencia (VM) [OBSOLETO] | 10 |
| Condición del los carretes individuales (VM) [OBSOLETO] | 20130110 |
| -- | UCH01 |
| -- | 1507 |
| 590 ## - NOTA LOCAL (RLIN) | |
| Nota local | BATCH-UPD |
| Procedencia (VM) [OBSOLETO] | 10 |
| Condición del los carretes individuales (VM) [OBSOLETO] | 20130410 |
| -- | UCH01 |
| -- | 0926 |
| 590 ## - NOTA LOCAL (RLIN) | |
| Nota local | BATCH-UPD |
| Procedencia (VM) [OBSOLETO] | 10 |
| Condición del los carretes individuales (VM) [OBSOLETO] | 20130914 |
| -- | UCH01 |
| -- | 1009 |
| 590 ## - NOTA LOCAL (RLIN) | |
| Nota local | CONVERSION |
| Procedencia (VM) [OBSOLETO] | 10 |
| Condición del los carretes individuales (VM) [OBSOLETO] | 20130109 |
| -- | UCH01 |
| -- | 1302 |
| 650 14 - PUNTO DE ACCESO ADICIONAL DE MATERIA--TÉRMINO DE MATERIA | |
| Término de materia o nombre geográfico como elemento de entrada | Drosophila ampelophila. |
| 9 (RLIN) | 34256 |
| 650 14 - PUNTO DE ACCESO ADICIONAL DE MATERIA--TÉRMINO DE MATERIA | |
| Término de materia o nombre geográfico como elemento de entrada | Genética |
| Subdivisión general | Estudio y enseñanza. |
| 9 (RLIN) | 47474 |
| 650 14 - PUNTO DE ACCESO ADICIONAL DE MATERIA--TÉRMINO DE MATERIA | |
| Término de materia o nombre geográfico como elemento de entrada | Genética |
| Subdivisión general | Manuales de laboratorio. |
| 9 (RLIN) | 47478 |
| 700 0# - PUNTO DE ACCESO ADICIONAL--NOMBRE DE PERSONA | |
| Nombre de persona | Vadillo Hernández, Angel Marino. |
| 9 (RLIN) | 117182 |
| 710 0# - PUNTO DE ACCESO ADICIONAL--NOMBRE DE ENTIDAD CORPORATIVA | |
| Nombre de entidad corporativa o nombre de jurisdicción como elemento de entrada | Colegio de Postgraduados. Chapingo, Méx. Centro de Genética. |
| 9 (RLIN) | 25083 |
| 711 0# - PUNTO DE ACCESO ADICIONAL--NOMBRE DE REUNIÓN/CONGRESO | |
| Nombre de congreso/reunión o jurisdicción como elemento de entrada | Congreso Nacional de Fitogenética ( |
| Número del congreso/reunión o número de parte o sección | 13 |
| Fecha del congreso/reunión | : 1990 |
| Sede del congreso/Lugar de la reunión | : Cd. Juárez, Chih.) |
| 9 (RLIN) | 26965 |
| 901 ## - ELEMENTOS DE DATOS A LOCAL LDA (RLIN) | |
| a | BK |
| 942 ## - ELEMENTOS DE PUNTO DE ACCESO ADICIONAL (KOHA) | |
| Tipo de ítem Koha | Libro |
| 949 ## - PROCESAMIENTO DE INFORMACIÓN LOCAL (OCLC) | |
| a | 575.1 E88 |
| b | BC |
| c | ESP |
| d | -11141 |
| e | ESP |
| h | 79001 |
| i | 1651 |
| s | i |
| 949 ## - PROCESAMIENTO DE INFORMACIÓN LOCAL (OCLC) | |
| a | 575.1 E88 |
| b | BC |
| c | LIBRO |
| d | 33724000157715 |
| e | LIBRO |
| f | c.2 |
| h | 89871 |
| i | 1651 |
| s | i |
| 949 ## - PROCESAMIENTO DE INFORMACIÓN LOCAL (OCLC) | |
| a | 575.1 E88 |
| b | BC |
| c | LIBRO |
| d | 33724002209579 |
| e | LIBRO |
| f | c.3 |
| h | 1130022 |
| i | 1651 |
| s | o |
| Estado de retiro | Estado de pérdida | Fuente del sistema de clasificación o colocación | Estado dañado | Restricciones de uso | No para préstamo | Código de colección | Localización permanente | Ubicación/localización actual | Ubicación en estantería | Fecha de adquisición | Información codificada de la localización en otra ubicación | Total de préstamos | Signatura topográfica completa | Código de barras | Fecha visto por última vez | Precio válido a partir de | Tipo de ítem Koha | Número de copia | Fecha del último préstamo |
|---|---|---|---|---|---|---|---|---|---|---|---|---|---|---|---|---|---|---|---|
| Dewey Decimal Classification | Préstamo interno | Especial | Biblioteca Central | Biblioteca Central | Planta alta - Área de Tesis - Especial | 31/12/2019 | LIBRO | 575.1 E88 | 33724002490446 | 31/12/2019 | 31/12/2019 | Libro | |||||||
| Dewey Decimal Classification | Préstamo 15 días | General | Biblioteca Central | Biblioteca Central | Planta alta - Colección General | 31/12/2019 | LIBRO | 575.1 E88 | 33724000157715 | 31/12/2019 | 31/12/2019 | Libro | c.2 | ||||||
| Dewey Decimal Classification | Préstamo 15 días | General | Biblioteca Central | Biblioteca Central | Planta alta - Colección General | 31/12/2019 | LIBRO | 1 | 575.1 E88 | 33724002209579 | 12/07/2023 | 31/12/2019 | Libro | c.3 | 21/06/2023 |
